Catálogo

THE HENRY HOLT RETIREMENT SOURCEBOOK AN INFORMATION GUIDE : (Registro nro. 38136)

Detalles MARC
000 -LEADER
fixed length control field 00552nam a2200181 a 4500
001 - CONTROL NUMBER
control field 38136
005 - DATE AND TIME OF LATEST TRANSACTION
control field 20180714011315.0
008 - FIXED-LENGTH DATA ELEMENTS--GENERAL INFORMATION
fixed length control field 140415d 000 0 eng d
020 ## - INTERNATIONAL STANDARD BOOK NUMBER
International Standard Book Number 0805017607
041 ## - LANGUAGE CODE
Language code of text/sound track or separate title eng
082 ## - DEWEY DECIMAL CLASSIFICATION NUMBER
Classification number 646.7
Item number CRO
100 1# - MAIN ENTRY--PERSONAL NAME
Personal name CROSS, WILBUR
245 14 - TITLE STATEMENT
Title THE HENRY HOLT RETIREMENT SOURCEBOOK AN INFORMATION GUIDE :
Remainder of title FOR PLANNING AND MANAGING YOUR AFFAIRS
250 ## - EDITION STATEMENT
Edition statement 1a ed.
260 ## - PUBLICATION, DISTRIBUTION, ETC.
Place of publication, distribution, etc. [s.l.] :
Name of publisher, distributor, etc. THE STONESONG PRESS,
Date of publication, distribution, etc. [s.f.]
300 ## - PHYSICAL DESCRIPTION
Extent 330
650 14 - SUBJECT ADDED ENTRY--TOPICAL TERM
Topical term or geographic name entry element JUBILACION
General subdivision ESTADOS UNIDOS
-- PLANIFICACION
Existencias
Withdrawn status Lost status Source of classification or shelving scheme Damaged status Not for loan Collection code Home library Current library Shelving location Date acquired Source of acquisition Inventory number Total Checkouts Full call number Barcode Date last seen Price effective from Koha item type
    Dewey Decimal Classification     General Biblioteca Karol Wojtyla Biblioteca Karol Wojtyla Sala general 03/12/2013 Compra 151000000000000000025600   646.7 CRO 57434 05/01/2026 03/12/2013 Libro